000 00302 a2200145 4500
001 180743
020 _a
040 _cMagnum
100 _aRangel, Flávio
240 1 0 _aLiberdade, liberdade
_lpor
245 1 0 _aLiberdade, liberdade
362 0 _a1899
697 _aMAGNITO: A/TEATRO
942 _cBK
999 _c180743
_d180743